|
|
|
|
| LEADER |
00000cam a2200000 7i4500 |
| 001 |
0000028997 |
| 005 |
20201021.0 |
| 008 |
201021 my a may |
| 040 |
|
|
|a INS
|b eng
|c INS
|e rda
|
| 090 |
0 |
0 |
|a AVO162
|
| 110 |
1 |
|
|a Kursus induksi modul khusus bagi kumpulan Pengurusan dan Profesional Gred 41 serta kumpulan Pelaksana gred 1 - 29 ,
|d 2019 26 - 27 Ogos
|c INSPEN, Bangi
|
| 245 |
0 |
0 |
|a Kursus induksi modul khusus bagi kumpulan Pengurusan dan Profesional Gred 41 serta kumpulan Pelaksana gred 1 - 29 :
|b 26 - 27 Ogos 2019
|c Anjuran Pusat Pembangunan Profesional, INSPEN
|
| 264 |
|
0 |
|a Bangi :
|b Institut Penilaian Negara
|c 2019
|
| 300 |
|
|
|a 1 volume. (Various pagings) :
|b illustration ;
|c 30 cm.
|
| 336 |
|
|
|a text
|2 rdacontent
|
| 337 |
|
|
|a unmediated
|2 rdamedia
|
| 338 |
|
|
|a volume
|2 rdacarrier
|
| 650 |
|
0 |
|a Civil services
|x Officials and employees
|x Training of
|
| 650 |
|
0 |
|a Employees
|x Training of
|z Malaysia
|
| 650 |
|
0 |
|a Jabatan Penilaian dan Perkhidmatan Harta
|x Employees
|x Training of
|
| 710 |
1 |
|
|a INSPEN ( Institut Penilaian Negara )
|
| 999 |
|
|
|a AVO0000404
|b BOOK
|c Course Notes
|e Default branch
|